| 000 | 00359cam a2200145ua 4500 | ||
|---|---|---|---|
| 041 |
_aeng _h |
||
| 082 |
_a928.1 _bTRI/MA |
||
| 100 | _aTrilling, Lionel . | ||
| 245 |
_aMatthew Arnold / _cLionel Trilling. _hTextual Documents |
||
| 260 |
_aLondon : _bUnwin University Books , _c1963. |
||
| 300 | _a474 ; . | ||
| 504 | _a | ||
| 942 | _cBK | ||
| 999 |
_c6152 _d6152 |
||